Tonacje w muzyce - Statystyki

Ogólne statystyki
  • Ten quiz został rozwiązany 16 razy
  • Średni wynik to 21 z 24
Statystyki odpowiedzi
Odpowiedź % Poprawnych
c dur
100%
d dur
100%
d moll
100%
e moll
100%
f dur
100%
a dur
94%
a moll
94%
cis dur
94%
cis moll
94%
c moll
94%
e dur
94%
g dur
94%
dis moll
88%
fis dur
88%
f moll
88%
g moll
88%
b dur
81%
b moll
81%
dis dur
81%
fis moll
81%
gis moll
81%
gis dur
75%
h dur
75%
h moll
69%
Nie znaleziono quizów pasujących do podanych kryteriów
Rozkład punktacji
Procent ludzi z każdym wynikiem
Percentyl według liczby udzielonych odpowiedzi
Twoja historia wyników
Nie rozwiązałeś tego quizu